| 000 | 01035nam a2200301Ia 4500 | ||
|---|---|---|---|
| 001 | H3148 | ||
| 003 | IT-RoPAU | ||
| 008 | 130308s9999 xx 000 0 und d | ||
| 040 | _aIT-RoPAU | ||
| 040 | _cIT-RoPAU | ||
| 041 | _aITALIANO | ||
| 100 | _aMarrone Gianfranco | ||
| 100 | _gCodice Aut. SPICS: 35715 | ||
| 245 | _aEfficacia simbolica dello spazio (L'): azioni e passioni | ||
| 245 | _bForme della Testualità. Teoria, Modelli, storia e Prospettive | ||
| 250 | _a1a ed. | ||
| 260 | _aTORINO | ||
| 260 | _bTesto & Immagine | ||
| 260 | _c2001 [1° Ed.:2001 - Ed.Ling.Originale:2001] | ||
| 300 | _a"18 p. (prefazione: no ; testo: 18 [pagine: 344-361])" | ||
| 500 | _aIl testo Fra un Varco Strettissimo. testo e Spazialità. Una Sistematica Distruzione. Sistema: Continuo/Discontinuo, Interno/Esterno. Processi: Dimensione Pragmatica, Dimensione Cognitiva, Dimensione Passionale. | ||
| 650 | _aSEMIOLOGIA | ||
| 650 | _eCodice materia Spics: 3251 | ||
| 942 | _cBK | ||
| 957 | _71 | ||
| 999 |
_c40712 _d40712 |
||
| 999 | _bSI | ||
| 999 | _g1 | ||